| 000 | 00670nam a2200205 u 4500 | ||
|---|---|---|---|
| 005 | 20230225063857.0 | ||
| 008 | 071204s2005 r 000 0 eng d | ||
| 020 | _a9706333002 | ||
| 035 | _aUPN01000153802 | ||
| 049 | _aCG | ||
| 050 | 4 |
_aK230 _bC6.2 2005 |
|
| 100 | 1 |
_aCorreas Vázquez, Oscar _935528 |
|
| 245 | 1 | 0 |
_aCrítica de la ideología jurídica : _bensayo sociosemiológico / _cOscar Correas. |
| 250 | _a2a ed. | ||
| 260 |
_aMéxico : _bCoyoacán : _bUNAM, Centro de Investigaciones Interdisciplinarias en Ciencias y Humanidades, _c2005. |
||
| 300 | _a358 p. | ||
| 440 | 0 |
_aDerecho y sociedad ; _v12 |
|
| 650 | 4 |
_aDerecho _xFilosofía _99941 |
|
| 905 | _aLibro | ||
| 999 |
_c125923 _d125923 |
||